00627 2200241 4500001002100000005001500021035002000036007000300056008004100059020002200100082000800122084001400130100002000144245006100164250001000225260003800235300003100273650001300304700001700317504002900334990001100363990001100374INLIS00000000000290720190119111953 a0010-0119000259ta190119 g 0 ind  a978-602-1129-51-7 a580 a580 PRE h0 aPRETY, Rosyidin1 aHandbook Stek /cPrety Rosyidin; penyunting, Nur Iswarso acet.1 aYogyakarta :bIndoliterasi,c2016 a84 hlm. :bilus. ;c21 cm. aTUMBUHAN0 aNUR, Iswarso aBibliografi : hlm. 82-84 a6425 a a6425 b